000 00950nas a2200313 4500
001 BR0901897
003 BR-BrBNA
005 20231205112637.0
007 ta
008 230509b bl.|||p| |||| 00| 00por d
040 _aBR-BrBNA
_bpor
_cBiblioteca Nacional de Agricultura
041 _a(Pt)
072 _aQ03
100 1 _aSoto, F.R.M.
100 1 _aSakaguti, E.H.
100 1 _aLúcio, D.
100 1 _aOliveira, E. de
100 1 _aCamargo, S.R. de
100 1 _aBalian, S. de C.
245 1 _aPrograma "estabelecimento bonito" no comércio varejista de alimentos do Município de Ibiúna, SP
650 _aALIMENTO
650 _aCOMERCIALIZAÇÃO
650 _aINSPEÇÃO SANITÁRIA
650 _aCONTROLE DE QUALIDADE
650 _aSÃO PAULO
773 0 _tHigiene Alimentar (Brazil)
_xISSN 0101-9171
_g(Nov-Dec 2008), v. 22(166-167) p. 46-48
_wBR0901897
909 _a202311
_bLúcia
_c55
_dLúcia Elande
942 _2AGRIS
_n0
_cANA
999 _c199146
_d199146